000
00274nam a22000977a 4500
100
_a
CHOO, K.T.
_a
LIM, S.C.
245
_a
Malaysian timbers-White Meranti (Timber trade leaflet No. 102)
260
_a
Malaysia
_b
Forest Research Institute of Malaysia
300
_a
12
942
_c
RE
999
_c
75417
_d
75417